| 000 | 00427cam a22001694a 4500 | ||
|---|---|---|---|
| 020 | _a0205279562 | ||
| 040 | _cDLC | ||
| 082 | _a302 ALL 2000 A021 Or. | ||
| 100 | 1 | _aBaron, Robert A | |
| 245 | 1 | 0 | _aSocial psychology / |
| 250 | _a9th ed | ||
| 260 |
_aBoston : _bAllyn and Bacon, _cc2000 |
||
| 300 |
_axxvi, 678 p. : _bill. (chiefly col.) _c29 cm |
||
| 650 | 0 | _aSocial psychology | |
| 700 | 1 | _aByrne, Donn Erwin | |
| 942 | _cEK | ||
| 999 |
_c12711 _d12711 |
||